<?xml version="1.0" encoding="UTF-8"?>
<record
    xmlns:xsi="http://www.w3.org/2001/XMLSchema-instance"
    xsi:schemaLocation="http://www.loc.gov/MARC21/slim http://www.loc.gov/standards/marcxml/schema/MARC21slim.xsd"
    xmlns="http://www.loc.gov/MARC21/slim">

  <leader>01420nam a22003737a 4500</leader>
  <datafield tag="999" ind1=" " ind2=" ">
    <subfield code="c">21520</subfield>
    <subfield code="d">21520</subfield>
  </datafield>
  <controlfield tag="003">AR-CdUCM</controlfield>
  <controlfield tag="008">190220b           ||||| |||| 00| 0 spa d</controlfield>
  <datafield tag="020" ind1=" " ind2=" ">
    <subfield code="a">9786123172046</subfield>
  </datafield>
  <datafield tag="040" ind1=" " ind2=" ">
    <subfield code="a">MUNICIPALIDAD PROVINCIAL DEL CUSCO</subfield>
    <subfield code="c">BIBLIOTECA MUNICIPAL DEL CUSCO</subfield>
  </datafield>
  <datafield tag="082" ind1=" " ind2=" ">
    <subfield code="a">985.0095/M18</subfield>
    <subfield code="b">M18</subfield>
  </datafield>
  <datafield tag="245" ind1=" " ind2=" ">
    <subfield code="a">La memoria del mundo inca :</subfield>
    <subfield code="b">Guaman Poma y la escritura de la Nueva cor&#xF3;nica [sic.] /</subfield>
    <subfield code="c">Jean-Philippe Husson, editor</subfield>
  </datafield>
  <datafield tag="260" ind1=" " ind2=" ">
    <subfield code="a">Lima.</subfield>
    <subfield code="b">Pontificia Universidad Cat&#xF3;lica del Per&#xFA;,</subfield>
    <subfield code="b">Apus Graph Ediciones,</subfield>
    <subfield code="c">2016.</subfield>
  </datafield>
  <datafield tag="300" ind1=" " ind2=" ">
    <subfield code="a">267 p&#xE1;ginas. :</subfield>
    <subfield code="b">ilustraciones, mapas ;</subfield>
    <subfield code="c">24 cm.</subfield>
  </datafield>
  <datafield tag="440" ind1=" " ind2=" ">
    <subfield code="a">Colecci&#xF3;n Estudios Andinos,</subfield>
    <subfield code="n">19.</subfield>
    <subfield code="9">45207</subfield>
  </datafield>
  <datafield tag="500" ind1=" " ind2=" ">
    <subfield code="z">Incluye bibliograf&#xED;as.</subfield>
  </datafield>
  <datafield tag="650" ind1=" " ind2=" ">
    <subfield code="a">Guam&#xE1;n Poma de Ayala, Felipe</subfield>
    <subfield code="9">45208</subfield>
  </datafield>
  <datafield tag="650" ind1=" " ind2=" ">
    <subfield code="a">Nueva cr&#xF3;nica y buen gobierno</subfield>
    <subfield code="9">8611</subfield>
  </datafield>
  <datafield tag="650" ind1=" " ind2=" ">
    <subfield code="a">Cr&#xED;tica e interpretaci&#xF3;n</subfield>
    <subfield code="9">1144</subfield>
  </datafield>
  <datafield tag="650" ind1=" " ind2=" ">
    <subfield code="a">Cronistas</subfield>
    <subfield code="9">1200</subfield>
  </datafield>
  <datafield tag="650" ind1=" " ind2=" ">
    <subfield code="a">Codicolog&#xED;a</subfield>
    <subfield code="9">45209</subfield>
  </datafield>
  <datafield tag="650" ind1=" " ind2=" ">
    <subfield code="a">An&#xE1;lisis del discurso literario</subfield>
    <subfield code="9">45210</subfield>
  </datafield>
  <datafield tag="650" ind1=" " ind2=" ">
    <subfield code="a">Incas</subfield>
    <subfield code="9">303</subfield>
  </datafield>
  <datafield tag="650" ind1=" " ind2=" ">
    <subfield code="a">Inkas</subfield>
    <subfield code="9">1899</subfield>
  </datafield>
  <datafield tag="650" ind1=" " ind2=" ">
    <subfield code="a">Vida y costumbres sociales</subfield>
    <subfield code="9">857</subfield>
  </datafield>
  <datafield tag="650" ind1=" " ind2=" ">
    <subfield code="a">Aspectos sociales.</subfield>
    <subfield code="9">262</subfield>
  </datafield>
  <datafield tag="650" ind1=" " ind2=" ">
    <subfield code="a">&#xC9;poca Prehisp&#xE1;nica</subfield>
    <subfield code="9">2714</subfield>
  </datafield>
  <datafield tag="650" ind1=" " ind2=" ">
    <subfield code="a">Historia</subfield>
    <subfield code="9">45206</subfield>
  </datafield>
  <datafield tag="650" ind1=" " ind2=" ">
    <subfield code="a">Per&#xFA;</subfield>
    <subfield code="9">45211</subfield>
  </datafield>
  <datafield tag="700" ind1=" " ind2=" ">
    <subfield code="a">Curatola Petrocchi, Marco (director)</subfield>
    <subfield code="9">45188</subfield>
  </datafield>
  <datafield tag="700" ind1=" " ind2=" ">
    <subfield code="a">Husson, Jean-Philippe (editor)</subfield>
    <subfield code="9">45212</subfield>
  </datafield>
  <datafield tag="710" ind1=" " ind2=" ">
    <subfield code="a">Pontificia Universidad Cat&#xF3;lica del Per&#xFA;</subfield>
    <subfield code="9">400</subfield>
  </datafield>
  <datafield tag="942" ind1=" " ind2=" ">
    <subfield code="2">ddc</subfield>
    <subfield code="c">LIBROS</subfield>
  </datafield>
  <datafield tag="945" ind1=" " ind2=" ">
    <subfield code="a">Roel</subfield>
  </datafield>
  <datafield tag="952" ind1=" " ind2=" ">
    <subfield code="0">0</subfield>
    <subfield code="2">ddc</subfield>
    <subfield code="4">0</subfield>
    <subfield code="7">0</subfield>
    <subfield code="a">SH</subfield>
    <subfield code="b">SH</subfield>
    <subfield code="c">CART</subfield>
    <subfield code="d">2020-09-21</subfield>
    <subfield code="e">Compra</subfield>
    <subfield code="g">50.00</subfield>
    <subfield code="o">985.0095/M18</subfield>
    <subfield code="p">SH0000015927</subfield>
    <subfield code="r">2020-09-21</subfield>
    <subfield code="y">LIBROS</subfield>
  </datafield>
  <datafield tag="952" ind1=" " ind2=" ">
    <subfield code="0">0</subfield>
    <subfield code="2">ddc</subfield>
    <subfield code="4">0</subfield>
    <subfield code="7">0</subfield>
    <subfield code="a">SH</subfield>
    <subfield code="b">SH</subfield>
    <subfield code="c">CART</subfield>
    <subfield code="d">2020-09-21</subfield>
    <subfield code="e">Compra</subfield>
    <subfield code="g">50.00</subfield>
    <subfield code="o">985.0095/M18/e.2</subfield>
    <subfield code="p">SH0000015928</subfield>
    <subfield code="r">2020-09-21</subfield>
    <subfield code="y">LIBROS</subfield>
  </datafield>
</record>
